Pengetua, guru besar perlu betulkan keutamaan (Record no. 111103)

MARC details
000 -LEADER
fixed length control field 00704nam a2200229 i 4500
001 - CONTROL NUMBER
control field C2-0308494
003 - CONTROL NUMBER IDENTIFIER
control field PPAK
005 - DATE AND TIME OF LATEST TRANSACTION
control field 20180728095341.0
008 - FIXED-LENGTH DATA ELEMENTS--GENERAL INFORMATION
fixed length control field 110504s2007 my a|||| ||||| | may d
040 ## - CATALOGING SOURCE
Original cataloging agency PPAK
Language of cataloging eng
Transcribing agency PPAK
Description conventions rda
082 04 - DEWEY DECIMAL CLASSIFICATION NUMBER
Classification number 371.1
Edition number 23
090 00 - LOCALLY ASSIGNED LC-TYPE CALL NUMBER (OCLC); LOCAL CALL NUMBER (RLIN)
Classification number (OCLC) (R) ; Classification number, CALL (RLIN) (NR) 371.1
Feature heading PEN
Feature heading KK
245 00 - TITLE STATEMENT
Title Pengetua, guru besar perlu betulkan keutamaan
264 #1 - PRODUCTION, PUBLICATION, DISTRIBUTION, MANUFACTURE, AND COPYRIGHT NOTICE
Place of production, publication, distribution, manufacture Alor Setar, Kedah :
Name of producer, publisher, distributor, manufacturer Bahagian Koleksi Kedah, Perbadanan Perpustakaan Awam Kedah ,
Date of production, publication, distribution, manufacture, or copyright notice 2007
300 ## - PHYSICAL DESCRIPTION
Extent [4 pages] :
Other physical details illustrations ;
Dimensions 30 cm
336 ## - CONTENT TYPE
Source rdacontent
Content type term text
337 ## - MEDIA TYPE
Source rdamedia
Media type term unmediated
338 ## - CARRIER TYPE
Source rdacarrier
Carrier type term volume
500 ## - GENERAL NOTE
General note Artikel dari Majalah Pendidik - Mac 2007
650 10 - SUBJECT ADDED ENTRY--TOPICAL TERM
Topical term or geographic name entry element Teachers
942 ## - ADDED ENTRY ELEMENTS (KOHA)
-- dc
Koha item type Book
Holdings
Withdrawn Not for loan Current library Shelving location Date acquired Full call number Barcode Date last seen Koha item type Public note
  Not For Loan Perpustakaan Alor Setar Koleksi Kedah 04/05/2011 KK 371.1 PEN A00363812 09/05/2018 Articles Artikel Pilihan
  Not For Loan Perpustakaan Alor Setar Koleksi Kedah 09/05/2011 KK 371.1 PEN A00363791 09/05/2018 Articles Artikel Pilihan